Sports Quiz

Random Sports or NFL Quiz
Score 0/62 Timer 05:00
0 Plays Today
Location % Correct
New York
94.4%
Los Angeles
90.6%
Miami
88.3%
Dallas
87.6%
Boston
87.3%
Houston
87.3%
Chicago
86.6%
Seattle
84.4%
Washington
83.9%
Philadelphia
82.3%
Atlanta
82.2%
Cleveland
81.2%
San Francisco
81%
Detroit
80.3%
Minnesota
80%
Tampa Bay
79.6%
Pittsburgh
79.5%
Denver
79.4%
New Orleans
78%
Toronto
77.2%
Phoenix
76.3%
San Diego
75.9%
Kansas City
74.3%
St. Louis
74.2%
Cincinnati
73.7%
Indiana
73.5%
San Antonio
73.3%
Portland
72.8%
Baltimore
72.7%
Oakland
72.1%
Arizona
71.8%
Location % Correct
Jacksonville
70.7%
Buffalo
70.6%
Green Bay
70.1%
Carolina
69.4%
Milwaukee
69.3%
New Jersey
68.9%
Texas
68.3%
Oklahoma City
66.3%
Indianapolis
65.6%
Florida
65.6%
Vancouver
65.4%
Colorado
65.2%
New England
64.7%
Montreal
64.5%
Tennessee
63.9%
Utah
63.2%
Nashville
62.8%
Charlotte
62.1%
Orlando
62%
Vegas
61.6%
Columbus
60.8%
Sacramento
58.4%
Memphis
58.4%
Calgary
57.1%
Anaheim
55.3%
Ottawa
55.2%
Edmonton
53.6%
San Jose
53%
Golden State
52.5%
Winnipeg
51.6%
Brooklyn
50.1%

You're not logged in!

Compare scores with friends on all Sporcle quizzes.
OR
Log In

Sporcle TV

Today on Sporcle TV


Watch our educational content, quiz creation guides, and fun videos on Sporcle TV.

Show Comments

Extras

Top Quizzes Today


Score Distribution

Paid Content

Your Account Isn't Verified!

In order to create a playlist on Sporcle, you need to verify the email address you used during registration. Go to your Sporcle Settings to finish the process.

Report this User

Report this user for behavior that violates our Community Guidelines.

Details: